000
00216nam a2200085Ia 4500
008
170620s9999 xx 000 0 und d
100
_a
Singh- G.P.
245
0
_a
Equity - Trust and Fiduciary Relations
260
_b
Central Law Pub.
260
_c
2005
999
_c
29146
_d
29146